00901nam a2200205 i 450000100060000000300090000600500170001500700030003200800410003510000280007624501540010426000580025830000210031649000750033770000320041283000830044485200310052799900170055895201200057552813ES-MaACL20230906162641.0t|030904s1977 xxu ||||1| spa d1 aSidney, Philip.910620710aDeffensa de la poesía b: a 17th century anonymorus Spanish translation of Philip Sideney's "Defence of Poesie" / c[edited] by Benito Brancaforte. aChapel Hill : bUniversity of North Carolina, c1977. a92 p. ; c23 cm.1 aNorth Carolina studies in the romance languages and literatures ;v1861 aBrancaforte, Benito.9313220 aNorth Carolina studies in the romance languages and literatures ;v1869182412 aES-MaACLjA-7735 bR.96743 c52813d52813 00104070aATENEOMbATENEOMcSPP1d2008-01-17eSCl0oA-7735p1055504r2023-02-23 00:00:00w2023-02-23yMONOGRAFIA